000
00247nam a2200097Ia 4500
001
851838
005
20250826174503.0
008
250824s9999 xx 000 0 und d
245
0
_a
KARANLIĞA OKUNAN EZANLAR
_c
NİHAT GENÇ
260
_b
PANAMA YAYINLARI
999
_c
851838
_d
851838